| 000 | 00565nam a2200181Ia 4500 | ||
|---|---|---|---|
| 008 | 090123s9999 xx 000 0 und d | ||
| 082 |
_b36833 _a891.463/देशमुख |
||
| 100 | _aदेशमुख भास्कर | ||
| 245 | _aमहामंत्र | ||
| 250 | _a1 | ||
| 260 |
_bसुपर्ण प्रकाशन _c2004 |
||
| 300 | _a304 | ||
| 600 | _aदेशमुख भास्कर | ||
| 630 | _aमहामंत्र | ||
| 700 | _aदेशमुख भास्कर | ||
| 730 | _aमहामंत्र | ||
| 942 | _cBOOK | ||
| 999 |
_c74927 _d74927 |
||